Quizzes
Events
Quiz Creation
Community
Videos
Private Events
Remove Ads
Sign In
Join for FREE
Feedback
Dark Mode
Quiz Categories
Sports
Geography
Music
Movies
Television
Just For Fun
Miscellaneous
History
Literature
Language
Science
Gaming
Entertainment
Religion
Holiday
For Kids
Quiz Lab
Recent
Popular Today
Quiz Kudos Today
Editor Picks
Curator Picks
Quizzes by...
Day
Popularity
Type
Ratings
Length
Year
Community
Subscriptions
Recent Discussions
Orange Saloon
Badges
Playlists
Quests
Create
Leaderboards
Showdown
Live 5
Trivia Bingo
Activity
Puzzle Library
Sporcle Events
Private Events
Virtual Trivia
Globe League
Become a Host
Pub Owners
SporcleCon
Opinionation
Our Games
Videos
Blog
Mobile Apps
Partnerships
Remove Ads and Go Orange
Feedback
Language
Vocabulary
Begins and Ends
Definition
Spanish
French
German
Italian
Chinese
Latin
Translation
Japanese
Language
Vocabulary
Begins and Ends
Definition
Spanish
French
German
Italian
Chinese
Latin
Translation
Japanese
Random Quiz
Search Sporcle
×
Quiz Lab
Quiz Lab
Language
Letter
Select answers by clicking on text or image buttons
Select answers by clicking on text or image buttons
Clickable
Best Score? Go Orange.
Match the Greek Letters Stats
Can you match the uppercase Greek letter on the left column to the correct lowercase Greek letter on the right column?
By
BorezU
3m
24 Questions
265 Plays
265 Plays
265 Plays
Comments
Comments
Give Quiz Kudos
Give Quiz Kudos
-
- Ratings
hide this ad
Random Order
Randomize order of answers
Randomize order of answers
Replay
Link that replays current quiz
Next Quiz
Link to next quiz in quiz playlist
You Got
0%
They Got
Avg Score
51%
Avg Friend Score
Upgrade to see
Score Distribution
Jump to the score distribution portion of the page
Score
0/24
Timer
03:00
0
Plays Today
% Correct
Β
94.4%
Ο
91.7%
Α
90.7%
Κ
88.9%
Θ
86.1%
Ψ
86.1%
Ρ
85.2%
Π
84.3%
Ε
82.4%
Τ
80.6%
Χ
80.6%
Φ
79.6%
% Correct
Λ
77.8%
Ι
76.9%
Ζ
75.9%
Δ
66.7%
Ω
65.7%
Η
64.8%
Ξ
64.8%
Μ
63.9%
Ν
59.3%
Υ
59.3%
Γ
57.4%
Σ
57.4%
Quiz Playlist
Details
Report
Send in Message
Add To Playlist
Clickable:
Select answers by clicking on text or image buttons
Random Order:
Randomize order of answers
Last Updated: Feb 16, 2017
Quiz Scoreboard
CHALLENGE
Sign Up to Join the Scoreboard
Show All
Scores
Hide
Comments
May contain spoilers
Recently Published
Alphabetical 'K' Countries by Flag Minefield
by ylime102
Geography
3m
Pick 6: Fruits
by JohnFran
Miscellaneous
15s
Click the 1999 NBA Draft
by nibperrychub
Sports
2m
More to Explore
Quiz From the Vault
Featured Blog Post
15 Basketball Trivia Facts You Can Be March Mad About
hide this ad
You Might Also Like...
Tags
Alphabet Quiz
Clickable Quiz
Letter Quiz
Greek
Today's Top Quizzes in Language
Browse Language
hide this ad
Today's Top Quizzes in Letter
Browse Letter
Top Contributed Quizzes in Language
1
Spring or Fall
2
Spanish Seasons
3
Multilingual Seasons
4
Seasonal Rhymes
5
Quick Pick: Seasons in Esperanto
6
Hiragana Speed Reading
7
Chinese Mandarin Numbers 1-10 Characters
8
Vocabulary Blitz 71
9
Linguistic Evolution! (V)
10
One-Minute Crossword CCLVI
Explore More
Trending Topics
Anime
Crossword
NBA
Marvel
Kpop
Harry Potter
Disney
Puzzle
Country
Pokémon
Song
Soccer
WWE
The Office
NFL
hide this ad
More By:
BorezU
Quiz
Plays
Rating
Category
Featured
Created
Sunday Crossword: Happy Halloween!
52,932
4.85
Miscellaneous
Oct 23, 2020
Marvel Superheroes Origin Stories
51,711
4.63
Entertainment
Aug 27, 2019
Pixar Movie by Shirt
49,146
4.50
Movies
Dec 21, 2015
Sunday Crossword: Pixar Movies
48,227
4.63
Miscellaneous
Nov 15, 2020
2010s Songs by 5 Words
41,961
4.67
Music
Aug 1, 2020
Go to Creator's Profile
Score Distribution
Quiz Creator Spotlight
BorezU
Follow
Send a Message
Quizzes Created
-
Created Quiz Play Count
-
More By This Creator
Popular Quizzes Today
1
Find the US States - No Outlines Minefield
2
Countries of Asia Without Outlines Minefield
3
Pick 6: Fruits
4
The Countries of the World
5
Alphabetical 'K' Countries by Flag Minefield
6
Click the 1999 NBA Draft
7
Match the Book to the Film X
8
Find the US States
More Language Quizzes
Have You Seen These Animals? II
Published
Trending Quizzes
Pick 6: Harry Potter
Pick 6: Mountains
Pick 6: NFL Teams
Pick 6: Movie Franchises
Pick 6: Golfers
Recently Updated
Women's Final Four Teams by Year
bhenderson79
Presidents Quartet II
eogle
Anything But Clue(do)
eogle
Anything But Oceanian Capitals
eogle
Anything But 7
eogle
Anything But Thing
eogle
Word Ladder: February 29
pecheneg
Song Title Questions
pecheneg
Women's NCAA Tournament #1 Seeds
pecheneg
Celebrity Mug Shots
pecheneg
Trending Topics
Anime
Kpop
NBA
Marvel
Harry Potter
Disney
Crossword
NFL
WWE
Song
The Office
Puzzle
Country
Pokémon
Soccer
Your Account Isn't Verified!
In order to create a playlist on Sporcle, you need to verify the email address you used during registration. Go to your
Sporcle Settings
to finish the process.
Report this User
Report this user for behavior that violates our
Community Guidelines
.
Details:
Send Report
Go to the Sporcle.com Mobile Site →
Comments